| 000 | 01669nam0a2200337 4500 | ||
|---|---|---|---|
| 001 | RU\NLR\bibl\73478 | ||
| 005 | 20260405115228.0 | ||
| 021 |
_aRU _b1999-41055 _92028 |
||
| 035 | _a(NLR Aleph) 000071690 | ||
| 090 |
_a395638 _c395638 |
||
| 100 | _a20000306d1999 |||y0rusy50 ca | ||
| 101 | 0 | _arus | |
| 102 | _aRU | ||
| 105 | _ay ||||||||| | ||
| 200 | 1 |
_aДва новых представления разложения Тейлора - Стратоновича _fД.Ф. Кузнецов |
|
| 210 |
_aСПб. _cИзд-во СПбГТУ _d1999 |
||
| 215 |
_a13 с. _d29 |
||
| 320 | _aБиблиогр.: с. 13 (14 назв.) | ||
| 606 | 0 |
_aСтохастические дифференциальные уравнения _xЧисленное интегрирование _91760828 _3RU\NLR\auth\661084903 |
|
| 606 | 0 |
_aСтохастические дифференциальные уравнения _xРешение _xЧисленные методы _92112812 _3RU\NLR\auth\661276703 |
|
| 606 | 0 |
_aИнтегралы стохастические _xТейлора-Стратоновича разложения _92155805 _3RU\NLR\auth\661297847 |
|
| 606 | 0 |
_aСтохастические интегралы _xТейлора-Стратоновича разложения _92155807 _3RU\NLR\auth\661297848 |
|
| 686 | _aВ192.162 | ||
| 686 | _aВ192.147 | ||
| 700 | 1 |
_4070 _8rus _7ca _aКузнецов _bД. Ф. _f1970- _cд-р физ.-мат. наук _gДмитрий Феликсович _3RU\NLR\auth\7745632 _928568 |
|
| 801 | 0 |
_aRU _bNLR _c20000306 _gPSBO |
|
| 801 | 1 |
_aRU _bNLR _c20000306 |
|
| 852 |
_aNLR _j99-8/2605 |
||
| 942 | _cBOOK | ||
| 980 | _aNB | ||